000 00572nam a2200193Ia 4500
005 20250508165413.0
008 008 250505s9999 xx 000 0 hin d
037 _aDissertations
040 _aFEDL
_beng
_cFEDL
041 _ahin
_2eng
084 _a371.54, SHA/DI
_qFEDL
100 _aSharma Kanchan
_9530740
245 0 _aVidyalayon mein shareerik dand: Samkaleen pariprekshye
260 _c2014
300 _a114p.
546 _aM.Ed. Dissertation, (Delhi University); C D Included
942 _cDIS
_h371.54, SHA/DI
999 _c1394920
_d1394920